ნორმალური ფორმატი
MARC ფორმატი
ჩანაწერი Corporate Name
ჩანაწერთა რაოდენობა, რომელიც გამოყენებულია: 1
001 - CONTROL NUMBER
- control field: 7798
003 - CONTROL NUMBER IDENTIFIER
- control field: GE_BSU
005 - DATE AND TIME OF LATEST TRANSACTION
- control field: 20200325210848.0
008 - FIXED-LENGTH DATA ELEMENTS
- fixed length control field: 200325|| aca||aabn | a|a d
040 ## - CATALOGING SOURCE
- Original cataloging agency: GE_BSU
- Transcribing agency: GE_BSU
110 ## - HEADING--CORPORATE NAME
- Corporate name or jurisdiction name as entry element: კ.კეკელძის სახელობის ხელნაწერთა ინსტიტუტი
670 ## - SOURCE DATA FOUND
- Source citation: Work cat.: (GE_BSU)52663: ფლავიოსი, იოსებ 7795, მოთხრობანი იუდაებრივისა ძუელსიტყუაობისანი :
